01299nam a2200361 a 450000100060000000300080000600500170001400600190003100700150005000800410006502000180010603500230012403500240014703500250017103500210019604000260021705000240024308000140026708200180028110000250029924501550032426000310047930000110051053301640052165000270068565000390071265000150075165000460076665500270081271000190083985600620085899900170092036193FlNmELB20241216221410.0m o d | cr cn|||||||||201208r2008 sp |||||s|||||||||||spa d z9788468952338 a(MiAaPQ)EBC3199955 a(Au-PeEL)EBL3199955 a(CaPaEBR)ebr10566232 a(OCoLC)929367761 aFlNmELBbspacFlNmELB 4aK1447.15bB731 2008 a347.788.104a345.026622221 aBoretto, Mónica M.10aAspectos de la propiedad intelectual derivados del entorno digital, en el derecho internacional privadoh[recurso electronico] /cMónica M. Boretto. aS.l. :beumed.net,c[2008] a108 p. aRecurso electrónico. Santa Fe, Arg.: e-libro, 2015. Disponible vía World Wide Web. El acceso puede estar limitado para las bibliotecas afiliadas a e-libro. 4aPropiedad intelectual. 4aDerechos de autor e informática. 4aCopyright. 4aCopyright and electronic data processing. 4aLibros electrónicos.2 ae-libro, Corp.40uhttps://elibro.net/ereader/politecnicointernacional/51505 c36193d36193